书目信息 |
| 题名: |
建筑工程事故分析与处理
|
|
| 作者: | 王枝胜 , 卢滔 , 崔彩萍 主编 | |
| 分册: | ||
| 出版信息: | 北京 北京理工大学出版社 2013 |
|
| 页数: | 216页 | |
| 开本: | 26cm | |
| 丛书名: | ||
| 单 册: | ||
| 中图分类: | TU712.4 | |
| 科图分类: | ||
| 主题词: | 建筑工程--工程事故--事故分析 , 建筑工程--工程事故--事故处理 , 工程事故 , 事故分析 , 建筑工程 , 事故处理 | |
| 电子资源: | ||
| ISBN: | 978-7-5640-8125-6 | |
| 000 | 01195nam0 2200313 450 | |
| 001 | 141868 | |
| 005 | 20141111152128.59 | |
| 010 | @a978-7-5640-8125-6@dCNY 33.00 | |
| 100 | @a20131105d2013 em y0chiy50 ea | |
| 101 | 0 | @achi |
| 102 | @aCN@b110000 | |
| 105 | @aa z 000yy | |
| 200 | 1 | @a建筑工程事故分析与处理@9jian zhu gong cheng shi gu fen xi yu chu li@b专著@f王枝胜,卢滔,崔彩萍主编 |
| 205 | @a2版 | |
| 210 | @a北京@c北京理工大学出版社@d2013 | |
| 215 | @a216页@c图@d26cm | |
| 330 | @a本书详细阐述了建筑工程事故的类型、原因分析及处理方法。全书主要内容包括绪论、建筑物的检测与可靠性鉴定、地基与基础工程事故分析与处理、钢筋混凝土结构工程事故分析与处理、砌体结构工程事故分析与处理、钢结构工程事故分析与处理、装饰装修工程事故分析与处理、防水工程事故分析与处理、火灾后建筑结构鉴定与加固等。 | |
| 606 | 0 | @a建筑工程@x工程事故@x事故分析 |
| 606 | 0 | @a建筑工程@x工程事故@x事故处理 |
| 606 | 0 | @a工程事故 |
| 606 | 0 | @a事故分析 |
| 606 | 0 | @a建筑工程 |
| 606 | 0 | @a事故处理 |
| 690 | @aTU712.4@v5 | |
| 701 | 0 | @a王枝胜@9wang zhi sheng@4主编 |
| 701 | 0 | @a卢滔@9lu tao@4主编 |
| 701 | 0 | @a崔彩萍@9cui cai ping@4主编 |
| 801 | 0 | @aCN@bZL@c20141111 |
| 905 | @a241430@dTU712.4@eW460=2 | |
| 建筑工程事故分析与处理/王枝胜,卢滔,崔彩萍主编.-2版.-北京:北京理工大学出版社,2013 |
| 216页:图;26cm |
| ISBN 978-7-5640-8125-6:CNY 33.00 |
| 本书详细阐述了建筑工程事故的类型、原因分析及处理方法。全书主要内容包括绪论、建筑物的检测与可靠性鉴定、地基与基础工程事故分析与处理、钢筋混凝土结构工程事故分析与处理、砌体结构工程事故分析与处理、钢结构工程事故分析与处理、装饰装修工程事故分析与处理、防水工程事故分析与处理、火灾后建筑结构鉴定与加固等。 |
| ● |
| 相关链接 |
|
|
|
正题名:建筑工程事故分析与处理
索取号:TU712.4/W460=2
 
预约/预借
| 序号 | 登录号 | 条形码 | 馆藏地/架位号 | 状态 | 备注 |
| 1 | 0839220 | 208392201 | 建筑库201/201建筑库 25排1列4层/ [索取号:TU712.4/W460=2] | 在馆 | |
| 2 | 0839221 | 208392210 | 建筑库201/201建筑库 25排1列4层/ [索取号:TU712.4/W460=2] | 在馆 | |
| 3 | 0839222 | 208392229 | 建筑库201/201建筑库 25排1列4层/ [索取号:TU712.4/W460=2] | 在馆 |